书目信息 |
| 题名: |
国家科学基金ABC
|
|
| 作者: | 成银生 主编 | |
| 分册: | ||
| 出版信息: | 厦门 厦门大学出版社 1988.3 |
|
| 页数: | 157页 | |
| 开本: | 19厘米 | |
| 丛书名: | ||
| 单 册: | ||
| 中图分类: | G311 | |
| 科图分类: | ||
| 主题词: | 国家科学基金会--基本知识 | |
| 电子资源: | ||
| ISBN: | 7-5615-0046-7 | |
| 000 | 00779nam0 2200241 45 | |
| 001 | 0188007546 | |
| 005 | 20060724172508.28 | |
| 010 | @a7-5615-0046-7@dCNY1.30 | |
| 020 | @aCN@b88007546 | |
| 100 | @a19910415d1988 km y0chiy0120 ea | |
| 101 | 0 | @achi |
| 102 | @aCN@b350000 | |
| 105 | @ay g 000yy | |
| 200 | 10 | @a国家科学基金ABC@Aguo jia ke xue ji jin ABC@f成银生等主编@F cheng yin sheng deng zhu bian |
| 210 | @a厦门@c厦门大学出版社@d1988.3 | |
| 215 | @a157页@d19厘米 | |
| 330 | @a本书包括科学基金制、国家自然科学基金委员会和项目指南等6部分内容。 | |
| 540 | 1 | @a国家科学基金ABC@Aguo jia ke xue ji jin ABC |
| 606 | @a国家科学基金会@x基本知识 | |
| 690 | @aG311@v1980 | |
| 701 | 0 | @a成银生@Acheng yin sheng@4主编 |
| 801 | 0 | @aCN@bTSSF@c20060724 |
| 905 | @a10447@dG311@e17 | |
| 国家科学基金ABC/成银生等主编.-厦门:厦门大学出版社,1988.3 |
| 157页;19厘米 |
| ISBN 7-5615-0046-7:CNY1.30 |
| 本书包括科学基金制、国家自然科学基金委员会和项目指南等6部分内容。 |
| ● |
| 相关链接 |
|
|
|
|
正题名:国家科学基金ABC
索取号:G311/17
 
预约/预借
| 序号 | 登录号 | 条形码 | 馆藏地/架位号 | 状态 | 备注 |
| 1 | 0425943 | 204259435 | 密集书库/ [索取号:G311/17] | 在馆 | |
| 2 | 0425944 | 204259444 | 密集书库/ [索取号:G311/17] | 在馆 | |
| 3 | 0425945 | 204259453 | 密集书库/ [索取号:G311/17] | 在馆 | |
| 4 | 0425946 | 204259462 | 密集书库/ [索取号:G311/17] | 在馆 | |
| 5 | 0425947 | 204259471 | 密集书库/ [索取号:G311/17] | 在馆 | |
| 6 | 0425948 | 204259480 | 密集书库/ [索取号:G311/17] | 在馆 | |
| 7 | 0425949 | 204259499 | 密集书库/ [索取号:G311/17] | 在馆 | |
| 8 | 0425950 | 204259505 | 密集书库/ [索取号:G311/17] | 在馆 | |
| 9 | 0425951 | 204259514 | 密集书库/ [索取号:G311/17] | 在馆 | |
| 10 | 0425952 | 204259523 | 密集书库/ [索取号:G311/17] | 在馆 | |
| 11 | 0425953 | 204259532 | 密集书库/ [索取号:G311/17] | 在馆 | |
| 12 | 0425954 | 204259541 | 密集书库/ [索取号:G311/17] | 在馆 |